Report of the Independent South Asian Commission on Poverty Alleviation : (Record no. 3828)
[ view plain ]
| 000 -LEADER | |
|---|---|
| fixed length control field | 00559nam a2200157 4500 |
| 008 - FIXED-LENGTH DATA ELEMENTS--GENERAL INFORMATION | |
| fixed length control field | 231010b |||||||| |||| 00| 0 eng d |
| 082 ## - DEWEY DECIMAL CLASSIFICATION NUMBER | |
| Classification number | 362.5 |
| Item number | IND |
| 942 ## - ADDED ENTRY ELEMENTS (KOHA) | |
| Item Type | Reports |
| 110 ## - MAIN ENTRY--CORPORATE NAME | |
| Corporate Name | Independent South Asian Commission on Poverty Alleviation |
| 245 ## - TITLE STATEMENT | |
| Title | Report of the Independent South Asian Commission on Poverty Alleviation : |
| Sub Title | meeting the challenge. |
| 260 ## - PUBLICATION, DISTRIBUTION, ETC. (IMPRINT) | |
| Place of Publication | Kathmandu : |
| Name of Publisher | SAARC Secretariat, |
| Date of Copyright | 1992 |
| 300 ## - PHYSICAL DESCRIPTION | |
| Extent | xiv, 154 p. ; 25 cm. |
| 650 ## - SUBJECT ADDED ENTRY--TOPICAL TERM | |
| Topical Term | POVERTY- South Asia |
| 650 ## - SUBJECT ADDED ENTRY--TOPICAL TERM | |
| Topical Term | South Asia -- Economic policy |
| 650 ## - SUBJECT ADDED ENTRY--TOPICAL TERM | |
| Topical Term | South Asia -- Social policy |
| Withdrawn status | Lost status | Source of classification or shelving scheme | Damaged status | Not for loan | Permanent location | Current location | Date acquired | Total Checkouts | Full call number | Barcode | Date last seen | Price effective from | Koha item type |
|---|---|---|---|---|---|---|---|---|---|---|---|---|---|
| Dewey Decimal Classification | Resource center, Muslim Women's Research And Action Forum | Resource center, Muslim Women's Research And Action Forum | 2023-10-10 | 362.5 IND | RAF1694 | 2023-10-10 | 2023-10-10 | Reports |

